Slovenský herbár / (Record no. 20979)
[ view plain ]
| 000 -LEADER | |
|---|---|
| fixed length control field | 00824nam a22002411ia4500 |
| 001 - CONTROL NUMBER | |
| control field | 20979 |
| 003 - CONTROL NUMBER IDENTIFIER | |
| control field | CZ PrNK |
| 005 - DATE AND TIME OF LATEST TRANSACTION | |
| control field | 20260209133219.0 |
| 007 - PHYSICAL DESCRIPTION FIXED FIELD--GENERAL INFORMATION | |
| fixed length control field | ta |
| 008 - FIXED-LENGTH DATA ELEMENTS--GENERAL INFORMATION | |
| fixed length control field | 011127s1946 xo af 001 | slo |
| 020 ## - INTERNATIONAL STANDARD BOOK NUMBER | |
| Qualifying information | (Vázáno) |
| 040 ## - CATALOGING SOURCE | |
| Original cataloging agency | ABA001 |
| Language of cataloging | cze |
| Transcribing agency | ABA001 |
| Modifying agency | ABA001 |
| Description conventions | rda |
| 245 00 - TITLE STATEMENT | |
| Title | Slovenský herbár / |
| Statement of responsibility, etc. | sostavila odborná komisia za redakce Jána Futáka |
| 264 #1 - PRODUCTION, PUBLICATION, DISTRIBUTION, MANUFACTURE, AND COPYRIGHT NOTICE | |
| Place of production, publication, distribution, manufacture | V Trnave : |
| Name of producer, publisher, distributor, manufacturer | Spolok sv. Vojtecha, |
| Date of production, publication, distribution, manufacture, or copyright notice | 1946 |
| 300 ## - PHYSICAL DESCRIPTION | |
| Extent | 2 svazky (xliii, 415 stran, 93 listů obrazových příloh; 461 stran, 35 listů obrazových příloh); |
| Other physical details | ilustrace (některé barevné) ; |
| Dimensions | 25 cm |
| 336 ## - CONTENT TYPE | |
| Content type term | text |
| Content type code | txt |
| Source | rdacontent |
| 337 ## - MEDIA TYPE | |
| Media type term | bez média |
| Media type code | n |
| Source | rdamedia |
| 338 ## - CARRIER TYPE | |
| Carrier type term | svazek |
| Carrier type code | nc |
| Source | rdacarrier |
| 500 ## - GENERAL NOTE | |
| General note | Obsahuje rejstříky |
| 700 1# - ADDED ENTRY--PERSONAL NAME | |
| Personal name | Futák, Ján, |
| Dates associated with a name | 1914-1980 |
| Relationship | edt |
| 910 ## - USER-OPTION DATA (OCLC) | |
| User-option data | ABA001 |
| 942 ## - ADDED ENTRY ELEMENTS (KOHA) | |
| Source of classification or shelving scheme | Dewey Decimal Classification |
| Koha item type | Odborná literatúra pre dospelých |
| Suppress in OPAC | No |
| Stav vyradenia | Strata | Poškodenie | Spôsob nadobudnutia | Domovská knižnica | Aktuálna knižnica | Dátum nadobudnutia | Total checkouts | Čiarový kód exemplára | Date last seen | Typ exemplára | Verejná poznámka |
|---|---|---|---|---|---|---|---|---|---|---|---|
| Dar | Obecná knižnica Horná Štubňa | Obecná knižnica Horná Štubňa | 09.02.2026 | 4736201153 | 09.02.2026 | Odborná literatúra pre dospelých | II. časť | ||||
| Dar | Obecná knižnica Horná Štubňa | Obecná knižnica Horná Štubňa | 27.02.2026 | 4736201511 | 27.02.2026 | Odborná literatúra pre dospelých | I. časť |
